00870nam a22001697a 4500003000900000005001700009008004100026040001300067110002900080245017700109260002800286300004100314500011100355650005000466651005000516856013400566BR-ViAPE20260423133738.0260423s1927 por gs||||s000 0 por d cBR-ViAPE aEspírito SantobEstado aMensagem apresentada pelo Exmo. Sr. Dr. Florentino Avidos, Presidente do Estado do Espírito Santo, ao Congresso Legislativo, na 3ª sessão ordinaria da 12ª legislatura aVitóriab[s.n.]c1927 a143 p.bDocumento digitalizado (PDF) aDocumento digitalizado do acervo institucional do Arquivo Público do Estado do Espírito Santo - APEES. aAdministração públicazEspírito Santo aEspírito SantoxAdministração pública uhttps://ape.es.gov.br/Media/ape/PDF/Mensagens/Mensagem-2024/Mensagem%20-%20ano%20[s.d.].pdfyCLIQUE AQUI PARA ACESSAR O DOCUMENTO